000 00327nam a2200133Ia 4500
008 140626s9999 xx 000 0 und d
100 _aCaroselli, Marlene
245 _aObjection Overruled /
_cMarlene Caroselli.
260 _cc2012.
300 _a57 : 9, page 107
440 _aHR Magazine
521 _aBSBA
942 _cSE
999 _c121488
_d121488